[Event "Split op 9th"]
[Site "Split"]
[Date "2019.08.09"]
[Round "7"]
[White "Laza, Szabolcs"]
[Black "Maryasin, Boris Feliksovich"]
[Result "1/2-1/2"]
[WhiteElo "2185"]
[BlackElo "2302"]
[PlyCount "61"]
[EventDate "2019.08.03"]
[EventType "swiss"]
[EventRounds "9"]
[EventCountry "CRO"]
[SourceTitle "CBM 191 Extra"]
[Source "ChessBase"]
[SourceDate "2019.09.30"]
[SourceVersion "1"]
[SourceVersionDate "2019.09.30"]
[SourceQuality "1"]

1. d4 d5 2. Bf4 Nf6 3. e3 e6 4. Nf3 b6 5. Nbd2 Bb7 6. Bd3 Nbd7 7. 0-0 Ne4 8. Bxe4 dxe4 9. Ng5 Nf6 10. Be5 h6 11. Bxf6 gxf6 12. Ngxe4 f5 13. Nc3 Rg8 14. f3 Qg5 15. Qe2 0-0-0 16. Rf2 f4 17. Nce4 Qh4 18. Nb3 f5 19. Ned2 Bd6 20. Nc4 fxe3 21. Nxd6+ Rxd6 22. Qxe3 f4 23. Qe2 Rg5 24. c3 Rh5 25. h3 Qg3 26. Kh1 Kb8 27. Nd2 e5 28. Ne4 Bxe4 29. fxe4 exd4 30. cxd4 Rxd4 31. Raf1 1/2-1/2

[Event "HUN-chT2 Maroczy 1819"]
[Site "Hungary"]
[Date "2019.04.28"]
[Round "11.8"]
[White "Laza, Szabolcs"]
[Black "Czegledi, Zsolt"]
[Result "0-1"]
[WhiteElo "2189"]
[BlackElo "2144"]
[PlyCount "166"]
[EventDate "2018.09.23"]
[EventType "team-tourn"]
[EventRounds "11"]
[EventCountry "HUN"]
[SourceTitle "EXT 2021"]
[Source "ChessBase"]
[SourceDate "2020.10.23"]
[SourceVersion "1"]
[SourceVersionDate "2020.10.23"]
[SourceQuality "1"]
[WhiteTeam "Budapest MTK"]
[BlackTeam "Toth Laszlo"]
[WhiteTeamCountry "HUN"]
[BlackTeamCountry "HUN"]

1. Nf3 Nf6 2. g3 d5 3. Bg2 c6 4. 0-0 Bf5 5. d3 e6 6. Re1 h6 7. Nbd2 Be7 8. Ne5 Nbd7 9. Nxd7 Qxd7 10. e4 dxe4 11. dxe4 Bg4 12. f3 Bh5 13. Qe2 e5 14. Nb3 0-0 15. Be3 Rfd8 16. a4 Qc7 17. Bh3 Nh7 18. Bf5 Nf8 19. Kg2 f6 20. a5 Bf7 21. Nc5 Bxc5 22. Bxc5 Ne6 23. Bxe6 Bxe6 24. Qe3 Qd7 25. Bxa7 Bc4 26. b3 Qd2+ 27. Qxd2 Rxd2+ 28. Bf2 Be6 29. Rec1 Bh3+ 30. Kxh3 Rxf2 31. b4 Rxf3 32. c4 Rb3 33. Rcb1 Rc3 34. Rc1 Rb3 35. Rcb1 Rc3 36. b5 Rxc4 37. b6 Ra6 38. Rd1 Rd4 39. Re1 Kf7 40. Kg4 Ke6 41. Kf3 Kd6 42. Rec1 c5 43. Ke3 Kc6 44. Rc2 Rb4 45. Rd2 Rb3+ 46. Ke2 Rbxb6 47. Rad1 Rb4 48. Rd6+ Kb5 49. Rd7 Rxe4+ 50. Kf3 Rd4 51. Rb1+ Kc6 52. Rdxb7 Rxa5 53. R1b6+ Kd5 54. Rd7+ Kc4 55. Rxg7 Ra3+ 56. Kg2 Rd2+ 57. Kh3 Rf2 58. Rg4+ Kd5 59. Rg6 Raa2 60. Rgxf6 Rxh2+ 61. Kg4 Ra4+ 62. Kf3 e4+ 63. Kf4 Rf2+ 64. Ke3 Rxf6 65. Rxf6 Ra3+ 66. Ke2 Rxg3 67. Rxh6 Kd4 68. Rd6+ Kc3 69. Ra6 Rd3 70. Re6 Rd4 71. Rc6 c4 72. Ke3 Rd8 73. Re6 Rd3+ 74. Kxe4 Rd1 75. Kf3 Rd2 76. Rc6 Kb3 77. Ke3 c3 78. Rc8 Kc2 79. Rh8 Kc1 80. Rc8 c2 81. Rh8 Rd7 82. Ke2 Rb7 83. Kd3 Kb1 0-1

[Event "HUN-chT 1718"]
[Site "Hungary"]
[Date "2017.12.17"]
[Round "4.9"]
[White "Laza, Szabolcs"]
[Black "Gara, Anita"]
[Result "1-0"]
[WhiteElo "2173"]
[BlackElo "2385"]
[PlyCount "111"]
[EventDate "2017.11.25"]
[EventType "team-tourn"]
[EventRounds "9"]
[EventCountry "HUN"]
[SourceTitle "EXT 2019"]
[Source "ChessBase"]
[SourceDate "2018.10.10"]
[SourceVersion "1"]
[SourceVersionDate "2018.10.10"]
[SourceQuality "1"]
[WhiteTeam "Budapest MTK"]
[BlackTeam "Penzugyor"]
[WhiteTeamCountry "HUN"]
[BlackTeamCountry "HUN"]

1. d4 Nf6 2. c4 g6 3. Nc3 d5 4. cxd5 Nxd5 5. Na4 Bg7 6. e4 Nb6 7. Be3 0-0 8. Nf3 Bg4 9. Nc5 Nc6 10. Nxb7 Qb8 11. Ba6 e5 12. d5 Nb4 13. Nc5 N6xd5 14. Bb7 Nxe3 15. fxe3 Bxf3 16. gxf3 Rd8 17. Qb3 Bf8 18. Bxa8 Bxc5 19. Bd5 Nxd5 20. exd5 Qxb3 21. axb3 Bxe3 22. Ke2 Bd4 23. Rhd1 Rxd5 24. Rxa7 Rb5 25. Ra8+ Kg7 26. Rd3 c5 27. Ra6 h5 28. h3 Rb7 29. Rc6 Kh6 30. h4 Kg7 31. Rc8 f6 32. Rc6 g5 33. hxg5 fxg5 34. Re6 h4 35. Kf1 Ra7 36. b4 cxb4 37. Rb3 h3 38. Rxb4 g4 39. fxg4 Ra1+ 40. Ke2 h2 41. Rb7+ Kf8 42. Rf6+ Ke8 43. Re6+ Kd8 44. Rg6 Re1+ 45. Kd2 Rd1+ 46. Kc2 Rc1+ 47. Kb3 Rc7 48. Rg8+ Kd7 49. Rxc7+ Kxc7 50. Rh8 Bg1 51. g5 e4 52. g6 e3 53. Kc2 e2 54. Kd2 Bd4 55. Rxh2 Bxb2 56. g7 1-0

[Event "HUN-chT2 Erkel 1718"]
[Site "Hungary"]
[Date "2017.10.29"]
[Round "3.6"]
[White "Laza, Szabolcs"]
[Black "Bali, Janos"]
[Result "1/2-1/2"]
[WhiteElo "2166"]
[BlackElo "2293"]
[PlyCount "91"]
[EventDate "2017.09.24"]
[EventType "team-tourn"]
[EventRounds "11"]
[EventCountry "HUN"]
[SourceTitle "EXT 2021"]
[Source "ChessBase"]
[SourceDate "2020.10.23"]
[SourceVersion "1"]
[SourceVersionDate "2020.10.23"]
[SourceQuality "1"]
[WhiteTeam "Budapest MTK II"]
[BlackTeam "Budapest EAC"]
[WhiteTeamCountry "HUN"]
[BlackTeamCountry "HUN"]

1. e4 d6 2. d4 Nf6 3. Nc3 e5 4. dxe5 dxe5 5. Qxd8+ Kxd8 6. Nf3 Bd6 7. Bc4 Be6 8. Bxe6 fxe6 9. Be3 Ke7 10. 0-0-0 Nc6 11. a3 h6 12. Rd3 Ng4 13. Rhd1 a6 14. h3 Nxe3 15. Rxe3 Raf8 16. b4 Nd4 17. Ne2 Nxf3 18. Rxf3 Rxf3 19. gxf3 b5 20. Kd2 a5 21. Kc3 Ra8 22. Kb3 axb4 23. axb4 Ra4 24. c3 c5 25. bxc5 Bxc5 26. Nc1 g5 27. Nd3 Bd6 28. Rb1 Kf6 29. Kc2 Ra2+ 30. Kd1 Ra5 31. Ke2 Ra2+ 32. Kd1 Ra5 33. Ke2 Ke7 34. Nc1 Kd7 35. Kd3 Kc6 36. Kc2 Ra8 37. Kd3 Bc5 38. Kc2 Ra3 39. Rb3 Ra1 40. Nd3 Bd6 41. Rb2 Bc7 42. Nb4+ Kc5 43. Nd3+ Kc6 44. Nb4+ Kc5 45. Nd3+ Kc6 46. Nb4+ 1/2-1/2

[Event "HUN-ch U18"]
[Site "Balatonlelle"]
[Date "2016.06.26"]
[Round "3"]
[White "Urhegyi, Marton"]
[Black "Laza, Szabolcs"]
[Result "1/2-1/2"]
[WhiteElo "2296"]
[BlackElo "2168"]
[PlyCount "37"]
[EventDate "2016.06.24"]
[EventType "swiss"]
[EventRounds "7"]
[EventCountry "HUN"]
[SourceTitle "CBM 173 Extra"]
[Source "ChessBase"]
[SourceDate "2016.08.29"]
[SourceVersion "1"]
[SourceVersionDate "2016.08.29"]
[SourceQuality "1"]

1. e4 c5 2. c3 g6 3. d4 cxd4 4. cxd4 d5 5. e5 Nc6 6. Nc3 f6 7. exf6 exf6 8. g3 Bg7 9. Bg2 Nge7 10. Nge2 Be6 11. 0-0 0-0 12. Nf4 Bf7 13. Qb3 Rb8 14. Nfxd5 Nxd5 15. Bxd5 Nxd4 16. Qc4 f5 17. Rd1 b5 18. Bxf7+ Rxf7 19. Qd3 1/2-1/2

[Event "Zalakaros op 35th"]
[Site "Zalakaros"]
[Date "2016.05.28"]
[Round "2"]
[White "Laza, Szabolcs"]
[Black "Plichta, Kamil"]
[Result "1/2-1/2"]
[WhiteElo "2168"]
[BlackElo "2336"]
[PlyCount "71"]
[EventDate "2016.05.27"]
[EventType "swiss"]
[EventRounds "9"]
[EventCountry "HUN"]
[SourceTitle "CBM 172 Extra"]
[Source "ChessBase"]
[SourceDate "2016.06.21"]
[SourceVersion "1"]
[SourceVersionDate "2016.06.21"]
[SourceQuality "1"]

1. d4 Nf6 2. c4 g6 3. Nc3 Bg7 4. e4 0-0 5. f4 d6 6. Nf3 Na6 7. Be2 e5 8. fxe5 dxe5 9. Nxe5 c5 10. Be3 Qe7 11. 0-0 cxd4 12. Bxd4 Nc5 13. Ng4 Nxg4 14. Bxg7 Qg5 15. Bxg4 Bxg4 16. Qd4 Ne6 17. Bf6 Nxd4 18. Bxg5 Ne2+ 19. Nxe2 Bxe2 20. Rf2 Bxc4 21. e5 Rac8 22. a3 Be6 23. Rc1 Rxc1+ 24. Bxc1 Rd8 25. Bh6 b5 26. Rd2 Re8 27. Bg5 Kf8 28. Bh6+ Kg8 29. Bg5 Bf5 30. Rd8 Rxd8 31. Bxd8 Kf8 32. Kf2 Ke8 33. Ba5 Kd7 34. Ke3 h5 35. Kd4 Kc6 36. g3 1/2-1/2

[Event "Budapest Duna op"]
[Site "Budapest"]
[Date "2015.09.25"]
[Round "3"]
[White "Laza, Szabolcs"]
[Black "Piroska, Istvan"]
[Result "1/2-1/2"]
[WhiteElo "2150"]
[BlackElo "2065"]
[PlyCount "171"]
[EventDate "2015.09.23"]
[EventType "swiss"]
[EventRounds "9"]
[EventCountry "HUN"]
[SourceTitle "CBM 168 Extra"]
[Source "ChessBase"]
[SourceDate "2015.10.29"]
[SourceVersion "1"]
[SourceVersionDate "2015.10.29"]
[SourceQuality "1"]

1. d4 d5 2. c4 dxc4 3. Nf3 Nf6 4. e3 e6 5. Bxc4 c5 6. 0-0 a6 7. a4 Nc6 8. b3 cxd4 9. exd4 Be7 10. Bb2 0-0 11. Nbd2 Qb6 12. Rc1 Rd8 13. Bd3 Na5 14. Ne5 Bd7 15. Nxd7 Rxd7 16. Qc2 Rad8 17. Nc4 Nxc4 18. bxc4 h6 19. Bc3 Qc7 20. g3 Ne8 21. Rfd1 Bf6 22. Qb2 Kh8 23. Be2 Nd6 24. d5 Bxc3 25. Rxc3 Ne4 26. Rcc1 Qa5 27. Qc2 Nc5 28. Bf3 Qxa4 29. Qxa4 Nxa4 30. dxe6 fxe6 31. Re1 Nc5 32. Rb1 Rf7 33. Bh5 Rf6 34. Re5 Rc8 35. Rd1 a5 36. Kg2 a4 37. Bf3 Rf5 38. Re3 Ra8 39. Ra1 Rf7 40. Re5 Rc7 41. Ra3 Ra6 42. Re2 Rb6 43. Bg4 Rb3 44. Raa2 Rc6 45. Bf3 Ra6 46. Red2 a3 47. h4 g6 48. h5 Kg7 49. hxg6 Kxg6 50. Bd1 Rc3 51. Rd4 h5 52. Kh3 Nb3 53. Bxb3 Rxb3 54. Rdd2 Rc3 55. Rd4 e5 56. Rd7 Rb3 57. Rdd2 Ra4 58. Rd5 Rb2 59. Rxb2 axb2 60. Rb5 Rxc4 61. Rxb2 Rc7 62. Kh4 Kf5 63. Rb5 Re7 64. f4 Kf6 65. Rb6+ Re6 66. fxe5+ Kxe5 67. Rxb7 Kf6 68. Kxh5 Re5+ 69. Kh4 Re6 70. g4 Kg6 71. Rb8 Kg7 72. Kg5 Rg6+ 73. Kf5 Rf6+ 74. Kg5 Rg6+ 75. Kf5 Rf6+ 76. Ke5 Ra6 77. g5 Rc6 78. Kf5 Ra6 79. Rb7+ Kg8 80. Rb8+ Kg7 81. Rb7+ Kg8 82. Re7 Rb6 83. Kg4 Ra6 84. Kh5 Rb6 85. g6 Rb1 86. Kh6 1/2-1/2

[Event "HUN-chT U18"]
[Site "Budapest"]
[Date "2015.08.27"]
[Round "3.3"]
[White "Laza, Szabolcs"]
[Black "Juhasz, Armin"]
[Result "0-1"]
[WhiteElo "2150"]
[BlackElo "2315"]
[PlyCount "42"]
[EventDate "2015.08.26"]
[EventType "team-swiss"]
[EventRounds "8"]
[EventCountry "HUN"]
[SourceTitle "EXT 2016"]
[Source "ChessBase"]
[SourceDate "2015.10.08"]
[SourceVersion "1"]
[SourceVersionDate "2015.10.08"]
[SourceQuality "1"]

1. d4 d6 2. c4 Nf6 3. Nc3 Nbd7 4. e4 e5 5. Nf3 g6 6. Be2 Bg7 7. 0-0 0-0 8. Re1 c6 9. h3 exd4 10. Qxd4 Nd5 11. Qd3 Nxc3 12. bxc3 Nc5 13. Qc2 Re8 14. Bd3 Qa5 15. Bd2 Bd7 16. Rab1 f5 17. Rbd1 fxe4 18. Bxe4 Rxe4 19. Rxe4 Bf5 20. Rde1 Nxe4 21. Rxe4 d5 0-1

[Event "Vaujany op-A 6th"]
[Site "Vaujany"]
[Date "2015.07.09"]
[Round "1"]
[White "Laza, Szabolcs"]
[Black "Gazik, Viktor"]
[Result "1/2-1/2"]
[WhiteElo "2095"]
[BlackElo "2434"]
[PlyCount "121"]
[EventDate "2015.07.09"]
[EventType "swiss"]
[EventRounds "9"]
[EventCountry "FRA"]
[SourceTitle "EXT 2017"]
[Source "ChessBase"]
[SourceDate "2016.10.25"]
[SourceVersion "1"]
[SourceVersionDate "2016.10.25"]
[SourceQuality "1"]

1. d4 Nf6 2. c4 c5 3. d5 e6 4. Nc3 exd5 5. cxd5 d6 6. e4 g6 7. h3 Bg7 8. Nf3 0-0 9. Bd3 Re8 10. 0-0 a6 11. a4 c4 12. Bxc4 Nxe4 13. Nxe4 Rxe4 14. Bg5 Qf8 15. Bd3 Re8 16. Rc1 Bxb2 17. Rxc8 Rxc8 18. Qb3 Nd7 19. Qxb2 Qg7 20. Rb1 Qxb2 21. Rxb2 Rc3 22. Be2 Nc5 23. Be7 Rc1+ 24. Kh2 Nxa4 25. Rxb7 Nc3 26. Bd3 Rd1 27. Bxa6 Nxd5 28. Be2 Rc1 29. Bxd6 Ra2 30. Rb8+ Kg7 31. Bf8+ Kf6 32. Bh6 Rcc2 33. Nd4 Rxe2 34. Nxe2 Rxe2 35. Rh8 Rxf2 36. Rxh7 g5 37. Rg7 Ne3 38. Bxg5+ Kxg7 39. Bxe3 Re2 40. Bd4+ Kg6 41. Kg3 Kf5 42. Kf3 Ra2 43. h4 Ra3+ 44. Be3 Rb3 45. g4+ Ke5 46. g5 Rb4 47. h5 Kf5 48. g6 fxg6 49. hxg6 Kxg6 50. Bd2 Ra4 51. Ke3 Kf5 52. Kd3 Ke5 53. Bc1 Kd5 54. Bb2 Rb4 55. Bf6 Rb3+ 56. Ke2 Ke4 57. Kd2 Rd3+ 58. Kc2 Ke3 59. Bg7 Ke2 60. Bb2 Rh3 61. Bd4 1/2-1/2

[Event "HUN-ch U18"]
[Site "Balatonlelle"]
[Date "2015.06.23"]
[Round "6"]
[White "Laza, Szabolcs"]
[Black "Juhasz, Armin"]
[Result "0-1"]
[WhiteElo "2156"]
[BlackElo "2301"]
[PlyCount "50"]
[EventDate "2015.06.18"]
[EventType "swiss"]
[EventRounds "7"]
[EventCountry "HUN"]
[SourceTitle "CBM 167 Extra"]
[Source "ChessBase"]
[SourceDate "2015.09.14"]
[SourceVersion "1"]
[SourceVersionDate "2015.09.14"]
[SourceQuality "1"]

1. d4 Nf6 2. c4 e6 3. Nf3 Bb4+ 4. Nbd2 0-0 5. a3 Be7 6. e4 d5 7. e5 Nfd7 8. Bd3 c5 9. Qc2 h6 10. 0-0 cxd4 11. Nb3 Nc6 12. Re1 a5 13. Nbxd4 Nxd4 14. Nxd4 dxc4 15. Qxc4 Nb6 16. Qc3 Bb4 17. axb4 axb4 18. Qxb4 Rxa1 19. Bc2 Nd5 20. Qb3 Nf4 21. Qe3 Rxc1 22. Qxc1 Qxd4 23. Re4 Qxe4 24. Bxe4 Ne2+ 25. Kf1 Nxc1 0-1